[Event "First Saturday 2009 december FM-B"]
[Site "Budapest"]
[Date "2009.12.05"]
[Round "1"]
[White "Heyl, Thomas"]
[Black "Trajber, Daniel"]
[Result "0-1"]
[WhiteElo "2072"]
[BlackElo "2112"]
[PlyCount "68"]
[EventDate "2009.12.05"]

1. d4 Nf6 2. Nf3 g6 3. e3 Bg7 4. Be2 O-O 5. O-O d5 6. b4 c6 7. Bb2 a5 8. b5
cxb5 9. Bxb5 Qb6 10. a4 Bd7 11. Na3 Rc8 12. Ne5 Bxb5 13. Nxb5 Ne4 14. Nd3 Na6
15. Ba3 Qe6 16. Rb1 Rc4 17. Nc5 Nexc5 18. Bxc5 b6 19. Ba3 Rxa4 20. Qd3 Rc4 21.
Rb3 Rac8 22. c3 a4 23. Rb2 Nc7 24. Na7 Ra8 25. Nb5 Qc6 26. Qb1 Nxb5 27. Rxb5
Rb8 28. Bc5 Rxc3 29. Rxb6 Rxb6 30. Qxb6 Qxb6 31. Bxb6 a3 32. g3 Rb3 33. Ba5 a2
34. Kg2 Ra3 0-1

[Event "First Saturday 2009 december FM-B"]
[Site "Budapest"]
[Date "2009.12.05"]
[Round "1"]
[White "Tessedik, Karoly"]
[Black "Yip, Michael"]
[Result "0-1"]
[WhiteElo "2042"]
[BlackElo "2004"]
[PlyCount "64"]
[EventDate "2009.12.05"]

1. e4 d6 2. Nf3 Nf6 3. d3 g6 4. Be2 Bg7 5. h3 Nbd7 6. Nbd2 c6 7. c3 e5 8. Nc4
Qc7 9. Ne3 O-O 10. Ng4 Re8 11. Nh6+ Kf8 12. Qb3 Nc5 13. Qa3 b6 14. b4 Ncd7 15.
Qb3 Re7 16. Be3 Bb7 17. Ng4 Kg8 18. Nxf6+ Nxf6 19. O-O Rd8 20. Rac1 d5 21. exd5
cxd5 22. Bg5 h6 23. Bh4 Re6 24. Rfe1 Rde8 25. c4 d4 26. Nd2 e4 27. Bg3 Qe7 28.
f3 Nh5 29. Nf1 Nxg3 30. Nxg3 exf3 31. gxf3 Bxf3 32. Qd1 Rxe2 0-1

[Event "First Saturday 2009 december FM-B"]
[Site "Budapest"]
[Date "2009.12.05"]
[Round "1"]
[White "Kantor, Gergely"]
[Black "Zilahi, Gabor"]
[Result "1-0"]
[WhiteElo "1836"]
[BlackElo "1923"]
[PlyCount "73"]
[EventDate "2009.12.05"]

1. d4 d5 2. c4 c6 3. Nf3 Nf6 4. Nc3 a6 5. c5 g6 6. Bf4 Bg7 7. e3 Nbd7 8. h3 O-O
9. Be2 Re8 10. O-O h6 11. b4 b6 12. cxb6 Nxb6 13. Na4 Ne4 14. Rc1 Nxa4 15. Qxa4
Bb7 16. Ne5 a5 17. b5 cxb5 18. Bxb5 Bxe5 19. Bxe5 Ba6 20. Bxe8 f6 21. Bc7 Qxe8
22. Qxe8+ Rxe8 23. Rfd1 Bc4 24. Bxa5 Bxa2 25. Rc7 Kf7 26. Ra1 Bc4 27. Bb4 Ke6
28. Raa7 Nd6 29. f3 f5 30. Kf2 Bd3 31. Rc6 h5 32. Bxd6 exd6 33. Rcc7 f4 34.
exf4 Rf8 35. Re7+ Kf6 36. g4 g5 37. f5 1-0

[Event "First Saturday 2009 december FM-B"]
[Site "Budapest"]
[Date "2009.12.05"]
[Round "1"]
[White "Csapo, Zoltan"]
[Black "Borda, Lajos"]
[Result "1/2-1/2"]
[WhiteElo "2135"]
[BlackElo "2055"]
[PlyCount "39"]
[EventDate "2009.12.05"]

1. e4 c5 2. Nf3 a6 3. c3 d5 4. exd5 Qxd5 5. d4 e6 6. Be3 cxd4 7. cxd4 Nf6 8.
Nc3 Bb4 9. Be2 O-O 10. O-O Qa5 11. Ne5 Nbd7 12. Nc4 Qc7 13. Rc1 b5 14. Nd2 Bxc3
15. Rxc3 Qd6 16. Bf3 Nd5 17. Rc1 f5 18. Nb3 N7b6 19. Nc5 Nc4 20. Qe2 1/2-1/2

[Event "First Saturday 2009 december FM-B"]
[Site "Budapest"]
[Date "2009.12.06"]
[Round "2"]
[White "Zilahi, Gabor"]
[Black "Csapo, Zoltan"]
[Result "1/2-1/2"]
[WhiteElo "1923"]
[BlackElo "2135"]
[PlyCount "93"]
[EventDate "2009.12.05"]

1. d4 Nf6 2. Bg5 Ne4 3. Bf4 d5 4. f3 Nd6 5. Nc3 e6 6. e4 c6 7. Bd3 b5 8. Qe2
Be7 9. Nh3 Nc4 10. Bxc4 bxc4 11. Nf2 Nd7 12. O-O O-O 13. Rfd1 Re8 14. Ng4 Bb7
15. Qf2 Bg5 16. Qe3 h6 17. Bxg5 hxg5 18. Qd2 f5 19. Nf2 Qf6 20. Re1 Nf8 21. Na4
Rad8 22. Nc5 Bc8 23. e5 Qe7 24. b3 Nd7 25. Nxd7 Rxd7 26. bxc4 dxc4 27. c3 c5
28. Rac1 Red8 29. Red1 Bb7 30. Qb2 Bd5 31. Qa3 cxd4 32. Qxe7 Rxe7 33. Rxd4 Rb8
34. Rcd1 Kf7 35. h3 Rb2 36. R1d2 Reb7 37. Nd1 Rb1 38. Kh2 f4 39. h4 gxh4 40.
Rxf4+ Kg6 41. Kh3 Rc1 42. Kxh4 Rbb1 43. Rfd4 a5 44. Kg3 a4 45. Kf4 a3 46. Kg4
Kf7 47. Kg5 1/2-1/2

[Event "First Saturday 2009 december FM-B"]
[Site "Budapest"]
[Date "2009.12.06"]
[Round "2"]
[White "Yip, Michael"]
[Black "Kantor, Gergely"]
[Result "1-0"]
[WhiteElo "2004"]
[BlackElo "1836"]
[PlyCount "71"]
[EventDate "2009.12.05"]

1. c4 c5 2. Nc3 Nc6 3. g3 g6 4. Bg2 Bg7 5. e4 d6 6. Nge2 Nf6 7. O-O O-O 8. d3
Ne8 9. Be3 Nc7 10. d4 cxd4 11. Nxd4 Nxd4 12. Bxd4 Bxd4 13. Qxd4 Ne6 14. Qd2 a6
15. Rad1 Rb8 16. Rfe1 b5 17. cxb5 axb5 18. b4 Qb6 19. Bf1 Ba6 20. Nd5 Qb7 21.
Qh6 Rfc8 22. Rd2 Rc6 23. Red1 Rbc8 24. Qh4 Re8 25. Bh3 Rc4 26. Bf1 Rcc8 27. Qh6
Ng7 28. h4 Rc6 29. Bg2 Qc8 30. Kh2 Rc2 31. Bh3 Ne6 32. h5 Rc4 33. hxg6 hxg6 34.
Nb6 Qc6 35. Bxe6 Qxb6 36. Qxg6+ 1-0

[Event "First Saturday 2009 december FM-B"]
[Site "Budapest"]
[Date "2009.12.06"]
[Round "2"]
[White "Molnar, Marton M"]
[Black "Tessedik, Karoly"]
[Result "1-0"]
[WhiteElo "1947"]
[BlackElo "2042"]
[PlyCount "57"]
[EventDate "2009.12.05"]

1. c4 Nf6 2. Nc3 e6 3. g3 d5 4. cxd5 exd5 5. d4 c6 6. Nf3 h6 7. Bg2 Bd6 8. O-O
Bf5 9. Ne5 O-O 10. Qb3 Qb6 11. Qxb6 axb6 12. Bf4 g5 13. Nxf7 Rxf7 14. Bxd6 Na6
15. f3 Rd8 16. Be5 Nd7 17. f4 g4 18. e4 dxe4 19. Nxe4 Nxe5 20. dxe5 Bxe4 21.
Bxe4 Nc5 22. Bg6 Rg7 23. f5 Rd5 24. Rad1 Rgd7 25. Rxd5 Rxd5 26. e6 Re5 27. Bh5
Nxe6 28. fxe6 Rxh5 29. e7 1-0

[Event "First Saturday 2009 december FM-B"]
[Site "Budapest"]
[Date "2009.12.06"]
[Round "2"]
[White "Trajber, Daniel"]
[Black "Prorok, Marton"]
[Result "1/2-1/2"]
[WhiteElo "2112"]
[BlackElo "2173"]
[PlyCount "20"]
[EventDate "2009.12.05"]

1. e4 c5 2. Nf3 b6 3. d4 cxd4 4. Nxd4 Bb7 5. Nc3 a6 6. Be3 e6 7. Qd2 Qc7 8. a3
Nf6 9. f3 d5 10. exd5 Nxd5 1/2-1/2

[Event "First Saturday 2009 december FM-B"]
[Site "Budapest"]
[Date "2009.12.06"]
[Round "2"]
[White "Della-Rossa, Anastasia"]
[Black "Heyl, Thomas"]
[Result "0-1"]
[WhiteElo "1948"]
[BlackElo "2072"]
[PlyCount "116"]
[EventDate "2009.12.05"]

1. d4 d5 2. c4 e6 3. Nc3 Nf6 4. cxd5 exd5 5. Bg5 Nbd7 6. e3 Bb4 7. Bd3 O-O 8.
Nge2 c6 9. O-O Re8 10. Rc1 Nf8 11. Bb1 Ne6 12. Bh4 g6 13. f3 Be7 14. Bf2 Ng7
15. Qd3 Bd6 16. Bh4 Be7 17. e4 dxe4 18. fxe4 Bg4 19. Nf4 Nfh5 20. Bxe7 Qxe7 21.
h3 Nxf4 22. Rxf4 Be6 23. Rcf1 Rad8 24. g4 Rd7 25. e5 Bd5 26. Nxd5 Rxd5 27. Qf3
Rf8 28. h4 Ne6 29. Rf6 Rxd4 30. Kh1 Rd5 31. h5 Rxe5 32. hxg6 fxg6 33. Rxf8+
Qxf8 34. Qxf8+ Nxf8 35. a3 Kg7 36. Ba2 Re7 37. Rf2 h6 38. Kg2 Nd7 39. Kf3 Nf6
40. Rd2 Rd7 41. Re2 Nd5 42. Kg3 Kf6 43. Rf2+ Kg5 44. Re2 Re7 45. Rxe7 Nxe7 46.
Be6 c5 47. a4 b6 48. b3 Kf6 49. Bc4 Ke5 50. Bf7 Ke4 51. Be8 g5 52. Bf7 Ke3 53.
Be6 Nc6 54. Bc4 Kd4 55. Kf2 Kc3 56. Ke3 Na5 57. Bb5 Nxb3 58. Ke4 Nd4 0-1

[Event "First Saturday 2009 december FM-B"]
[Site "Budapest"]
[Date "2009.12.07"]
[Round "3"]
[White "Prorok, Marton"]
[Black "Della-Rossa, Anastasia"]
[Result "1/2-1/2"]
[WhiteElo "2173"]
[BlackElo "1948"]
[PlyCount "68"]
[EventDate "2009.12.05"]

1. e4 c5 2. Nf3 d6 3. d4 cxd4 4. Nxd4 a6 5. Bc4 e5 6. Ne2 Nf6 7. Nbc3 Be6 8.
Bxe6 fxe6 9. Bg5 Be7 10. Qd3 O-O 11. Qh3 Qc8 12. O-O-O Nc6 13. Rhf1 b5 14. f4
Rb8 15. fxe5 dxe5 16. Kb1 b4 17. Na4 Nxe4 18. Rxf8+ Bxf8 19. Bh4 Ne7 20. Qf3
Qc4 21. Bxe7 Bxe7 22. b3 Qc6 23. Ng3 Nc3+ 24. Nxc3 Qxc3 25. Qxc3 bxc3 26. Ne4
Bb4 27. a3 Bxa3 28. Nxc3 Rf8 29. Ne4 Rf4 30. Re1 h6 31. c3 Be7 32. b4 Kf8 33.
Kc2 Ke8 34. Kd3 Kd7 1/2-1/2

[Event "First Saturday 2009 december FM-B"]
[Site "Budapest"]
[Date "2009.12.07"]
[Round "3"]
[White "Tessedik, Karoly"]
[Black "Trajber, Daniel"]
[Result "0-1"]
[WhiteElo "2042"]
[BlackElo "2112"]
[PlyCount "58"]
[EventDate "2009.12.05"]

1. c4 Nf6 2. Nc3 g6 3. g3 Bg7 4. Bg2 d6 5. d3 O-O 6. e4 c5 7. Nge2 Nc6 8. O-O
Bg4 9. h3 Bxe2 10. Nxe2 e6 11. Rb1 d5 12. Bg5 dxe4 13. dxe4 Qc7 14. Qc1 Rfd8
15. Qe3 Ne5 16. Qf4 Nh5 17. Qh4 f6 18. Bf4 Nxf4 19. Qxf4 g5 20. Qc1 Nd3 21. Qe3
Nb4 22. a3 Rd3 23. Qc1 Nc6 24. Rd1 Rad8 25. Rxd3 Rxd3 26. Bf1 Qd7 27. b4 Ne5
28. Kg2 Qc6 29. Nc3 Rxc3 0-1

[Event "First Saturday 2009 december FM-B"]
[Site "Budapest"]
[Date "2009.12.07"]
[Round "3"]
[White "Kantor, Gergely"]
[Black "Molnar, Marton M"]
[Result "1/2-1/2"]
[WhiteElo "1836"]
[BlackElo "1947"]
[PlyCount "62"]
[EventDate "2009.12.05"]

1. d4 Nf6 2. c4 d6 3. Nc3 g6 4. e4 Nc6 5. d5 Nb8 6. h3 Bg7 7. Nf3 Nbd7 8. Be3
O-O 9. Be2 c6 10. O-O Qa5 11. Qd2 Re8 12. a3 Qc7 13. Rac1 Nc5 14. Qc2 a5 15. b4
axb4 16. axb4 Na6 17. Qb3 c5 18. e5 Nd7 19. exd6 exd6 20. Nb5 Qb6 21. bxc5
Naxc5 22. Qc2 Ne5 23. Nd2 Bd7 24. Rb1 Bxb5 25. Rxb5 Qa6 26. Rfb1 Ned7 27. Bf1
Qa3 28. Nb3 b6 29. Bd4 Nxb3 30. Bxg7 Kxg7 31. R5xb3 Qc5 1/2-1/2

[Event "First Saturday 2009 december FM-B"]
[Site "Budapest"]
[Date "2009.12.07"]
[Round "3"]
[White "Csapo, Zoltan"]
[Black "Yip, Michael"]
[Result "1/2-1/2"]
[WhiteElo "2135"]
[BlackElo "2004"]
[PlyCount "103"]
[EventDate "2009.12.05"]

1. e4 d6 2. d4 Nf6 3. Nc3 e5 4. Nf3 Nbd7 5. dxe5 dxe5 6. Bc4 Be7 7. O-O c6 8.
a4 O-O 9. Qe2 Qc7 10. Bg5 Nc5 11. Bh4 Be6 12. Bg3 Nfd7 13. a5 b5 14. axb6 axb6
15. b4 Bxc4 16. Qxc4 b5 17. Qe2 Ne6 18. Rab1 Ra3 19. Nd1 f6 20. c4 Qb7 21. Ne3
Rfa8 22. Rfd1 Nf4 23. Bxf4 exf4 24. Nf5 Ne5 25. Nxe5 fxe5 26. Qg4 Bf6 27. h4
Kh8 28. Nd6 Qe7 29. cxb5 cxb5 30. Nxb5 R3a4 31. Nd6 g6 32. b5 Rd8 33. b6 Rd4
34. Rxd4 exd4 35. Nc8 Qxe4 36. Rc1 d3 37. b7 Qxb7 38. Qxf4 Bg7 39. Nd6 d2 40.
Rd1 Qe7 41. Qxd2 Bf6 42. h5 gxh5 43. Qd5 Rf8 44. Qxh5 Qg7 45. g4 Qg6 46. Qxg6
hxg6 47. Kg2 Be5 48. Ne4 Rf7 49. Rd8+ Kg7 50. Re8 Bf4 51. f3 Rc7 52. Ng3
1/2-1/2

[Event "First Saturday 2009 december FM-B"]
[Site "Budapest"]
[Date "2009.12.07"]
[Round "3"]
[White "Borda, Lajos"]
[Black "Zilahi, Gabor"]
[Result "1-0"]
[WhiteElo "2055"]
[BlackElo "1923"]
[PlyCount "51"]
[EventDate "2009.12.05"]

1. d4 d5 2. a3 Nf6 3. e3 c6 4. c4 e6 5. Nc3 Nbd7 6. Bd3 Be7 7. e4 dxc4 8. Bxc4
O-O 9. Nf3 b5 10. Bd3 Re8 11. O-O a6 12. Qe2 Bb7 13. Rd1 Qc7 14. Bg5 c5 15.
Rac1 Qb6 16. Bxf6 Bxf6 17. e5 Be7 18. Be4 cxd4 19. Bxb7 Qxb7 20. Rxd4 Rad8 21.
Ne4 Nxe5 22. Rxd8 Nxf3+ 23. Qxf3 Rxd8 24. Nf6+ Bxf6 25. Qxb7 Bxb2 26. Rc8 1-0

[Event "First Saturday 2009 december FM-B"]
[Site "Budapest"]
[Date "2009.12.08"]
[Round "4"]
[White "Yip, Michael"]
[Black "Borda, Lajos"]
[Result "1/2-1/2"]
[WhiteElo "2004"]
[BlackElo "2055"]
[PlyCount "68"]
[EventDate "2009.12.05"]

1. c4 e5 2. Nc3 Nc6 3. g3 f5 4. Bg2 Nf6 5. d3 Bb4 6. e3 d5 7. cxd5 Nxd5 8. Bd2
Nde7 9. a3 Bd6 10. Nge2 Be6 11. O-O a5 12. Nb5 O-O 13. Qc2 a4 14. Rae1 Qd7 15.
f4 Nb4 16. Bxb4 Bb3 17. Qc3 Qxb5 18. fxe5 Bxe5 19. Nd4 Qd7 20. Qc1 Bxd4 21.
exd4 Rf7 22. Bxe7 Rxe7 23. Rxe7 Qxe7 24. Rxf5 c6 25. Re5 Qd7 26. Qe3 Rd8 27. d5
Bxd5 28. Bxd5+ cxd5 29. Re7 Qf5 30. Re8+ Rxe8 31. Qxe8+ Qf8 32. Qe6+ Qf7 33.
Qc8+ Qf8 34. Qe6+ Qf7 1/2-1/2

[Event "First Saturday 2009 december FM-B"]
[Site "Budapest"]
[Date "2009.12.08"]
[Round "4"]
[White "Molnar, Marton M"]
[Black "Csapo, Zoltan"]
[Result "1-0"]
[WhiteElo "1947"]
[BlackElo "2135"]
[PlyCount "53"]
[EventDate "2009.12.05"]

1. c4 Nf6 2. Nc3 g6 3. g3 Bg7 4. Bg2 O-O 5. d4 c5 6. d5 d6 7. Nf3 Na6 8. O-O
Nc7 9. e4 a6 10. Re1 e5 11. dxe6 Bxe6 12. Bf4 Nce8 13. Qd3 Nh5 14. Bg5 f6 15.
Be3 Rf7 16. h3 Bf8 17. g4 Nhg7 18. Nd5 b5 19. Nd2 Rb8 20. a4 bxc4 21. Nxc4 Bxd5
22. Qxd5 Nc7 23. Qd3 f5 24. Rad1 d5 25. exd5 f4 26. Bd2 Rf6 27. Bc3 1-0

[Event "First Saturday 2009 december FM-B"]
[Site "Budapest"]
[Date "2009.12.08"]
[Round "4"]
[White "Trajber, Daniel"]
[Black "Kantor, Gergely"]
[Result "1-0"]
[WhiteElo "2112"]
[BlackElo "1836"]
[PlyCount "92"]
[EventDate "2009.12.05"]

1. Nf3 c5 2. e4 d6 3. d4 cxd4 4. Nxd4 Nf6 5. Nc3 g6 6. Be3 Bg7 7. f3 O-O 8. Qd2
Nc6 9. Bc4 Bd7 10. O-O-O Rc8 11. Bb3 Ne5 12. Kb1 Re8 13. g4 b5 14. g5 b4 15.
Nce2 Nh5 16. f4 Nc4 17. Bxc4 Rxc4 18. b3 Rc8 19. Ng3 Bg4 20. Rdf1 a5 21. f5 a4
22. Qxb4 axb3 23. cxb3 d5 24. fxg6 hxg6 25. Rc1 dxe4 26. Rxc8 Qxc8 27. Rc1 Qa6
28. Qb5 Qxb5 29. Nxb5 Nxg3 30. hxg3 Be2 31. a4 Bd3+ 32. Ka2 Bxb5 33. axb5 Ra8+
34. Kb1 Be5 35. Bf4 Bxf4 36. gxf4 Rb8 37. Rc5 f5 38. Kc2 Kf7 39. Kc3 Ke6 40.
Rc6+ Kd5 41. Rxg6 Rxb5 42. b4 e5 43. Rf6 Rb8 44. Rxf5 Rc8+ 45. Kd2 Kc4 46. Rxe5
Kxb4 1-0

[Event "First Saturday 2009 december FM-B"]
[Site "Budapest"]
[Date "2009.12.08"]
[Round "4"]
[White "Della-Rossa, Anastasia"]
[Black "Tessedik, Karoly"]
[Result "1-0"]
[WhiteElo "1948"]
[BlackElo "2042"]
[PlyCount "83"]
[EventDate "2009.12.05"]

1. d4 Nf6 2. c4 e6 3. Nc3 d5 4. cxd5 exd5 5. Bg5 Be7 6. e3 h6 7. Bh4 O-O 8. Bd3
Re8 9. f3 b6 10. Nge2 c5 11. Bf2 a6 12. e4 dxe4 13. fxe4 Ng4 14. Bg1 Nc6 15.
Nd5 Bd6 16. e5 Ncxe5 17. dxe5 Bxe5 18. Qd2 Qh4+ 19. g3 Bxg3+ 20. hxg3 Qxh1 21.
O-O-O Rb8 22. Nef4 c4 23. Bd4 Qh2 24. Bxc4 Qxd2+ 25. Kxd2 b5 26. Bb3 Bb7 27.
Rc1 Bxd5 28. Nxd5 a5 29. a3 Ne5 30. Bc3 a4 31. Ba2 Nc4+ 32. Bxc4 bxc4 33. Nf4
Rbd8+ 34. Kc2 Re3 35. Nh5 f6 36. Rf1 Rd6 37. Rf4 Rc6 38. Rd4 Re7 39. Rd8+ Kf7
40. Bb4 Re2+ 41. Kc1 Rc7 42. Rf8+ 1-0

[Event "First Saturday 2009 december FM-B"]
[Site "Budapest"]
[Date "2009.12.08"]
[Round "4"]
[White "Heyl, Thomas"]
[Black "Prorok, Marton"]
[Result "1/2-1/2"]
[WhiteElo "2072"]
[BlackElo "2173"]
[PlyCount "25"]
[EventDate "2009.12.05"]

1. d4 f5 2. Nc3 Nf6 3. Bg5 e6 4. e4 fxe4 5. Nxe4 Be7 6. Bxf6 Bxf6 7. Qh5+ g6 8.
Qh6 Nc6 9. Nf3 Qe7 10. Nxf6+ Qxf6 11. O-O-O d6 12. Bc4 Bd7 13. Qg5 1/2-1/2

[Event "First Saturday 2009 december FM-B"]
[Site "Budapest"]
[Date "2009.12.09"]
[Round "5"]
[White "Kantor, Gergely"]
[Black "Della-Rossa, Anastasia"]
[Result "1-0"]
[WhiteElo "1836"]
[BlackElo "1948"]
[PlyCount "119"]
[EventDate "2009.12.05"]

1. d4 Nf6 2. c4 c5 3. d5 e5 4. Nc3 d6 5. e4 Be7 6. Nf3 Nbd7 7. Be2 Nf8 8. h3
Ng6 9. O-O h5 10. Re1 h4 11. a3 Nh7 12. b4 b6 13. Be3 Ng5 14. Qd2 Nh7 15. Rab1
Nf6 16. Rb2 Nh5 17. bxc5 bxc5 18. Reb1 Ngf4 19. Bd1 Bd7 20. Rb7 O-O 21. Bc2 Bc8
22. R7b2 g5 23. Kh2 g4 24. hxg4 Bxg4 25. Rg1 Kh8 26. Bd1 Rg8 27. Bxc5 Qc8 28.
Nxe5 dxc5 29. Bxg4 Rxg4 30. Nxg4 Qxg4 31. e5 Bg5 32. Ne4 Rg8 33. Nxg5 Qxg5 34.
Qe3 Ng3 35. Rbb1 Nge2 36. d6 Nxg1 37. Rxg1 Ne6 38. Qxg5 Rxg5 39. Rb1 Nf4 40. g3
hxg3+ 41. fxg3 Ne6 42. Rb7 Rxe5 43. Rxf7 Rh5+ 44. Kg2 Rh7 45. Rf6 Nd4 46. Rf8+
Kg7 47. d7 Ne6 48. Re8 Rh8 49. Rxe6 Rd8 50. Rd6 Kf7 51. g4 Ke7 52. Rd5 a6 53.
Kg3 Ke6 54. g5 Ke7 55. Kg4 Ke6 56. Kh5 a5 57. Kh6 a4 58. g6 Rh8+ 59. Kg7 Rh1
60. Rd6+ 1-0

[Event "First Saturday 2009 december FM-B"]
[Site "Budapest"]
[Date "2009.12.09"]
[Round "5"]
[White "Borda, Lajos"]
[Black "Molnar, Marton M"]
[Result "1/2-1/2"]
[WhiteElo "2055"]
[BlackElo "1947"]
[PlyCount "62"]
[EventDate "2009.12.05"]

1. e4 c5 2. c3 d6 3. d4 cxd4 4. cxd4 g6 5. Nc3 Bg7 6. Be3 Nf6 7. h3 O-O 8. g4
Qa5 9. Qd2 Nc6 10. Nge2 b5 11. Bg2 b4 12. Nd5 Nxd5 13. exd5 Nb8 14. O-O Qb5 15.
a3 Na6 16. axb4 Nxb4 17. Nc3 Qb8 18. Ra5 Na6 19. Rfa1 Nc7 20. Bf1 Bd7 21. Na2
Qb7 22. Nb4 Rfb8 23. Nc6 Bxc6 24. dxc6 Qxc6 25. Bg2 d5 26. Rc5 Qb6 27. Rac1 Ne6
28. Bxd5 Nxc5 29. dxc5 Qxb2 30. Qxb2 Bxb2 31. Rc2 Be5 1/2-1/2

[Event "First Saturday 2009 december FM-B"]
[Site "Budapest"]
[Date "2009.12.09"]
[Round "5"]
[White "Zilahi, Gabor"]
[Black "Yip, Michael"]
[Result "1/2-1/2"]
[WhiteElo "1923"]
[BlackElo "2004"]
[PlyCount "79"]
[EventDate "2009.12.05"]

1. d4 d6 2. Nf3 Nf6 3. g3 c6 4. Bg2 g6 5. O-O Bg7 6. c4 O-O 7. Nc3 Nbd7 8. b3
a6 9. Qc2 Rb8 10. a4 b5 11. axb5 axb5 12. Nd2 bxc4 13. bxc4 Qc7 14. Bb2 e5 15.
e3 exd4 16. exd4 Nb6 17. Ba3 Bf5 18. Qc1 Bd3 19. c5 dxc5 20. Re1 Rfe8 21. Bxc5
Nfd7 22. Qa3 Nxc5 23. Qxc5 Red8 24. Nf3 Nd7 25. Qg5 h6 26. Qd2 Bf5 27. Rac1 Qd6
28. Ne2 Be4 29. Qf4 Qxf4 30. Nxf4 Bxf3 31. Bxf3 Bxd4 32. Bxc6 Ne5 33. Be4 Rb2
34. Rf1 g5 35. Nd5 Ng4 36. Ne7+ Kf8 37. Nc6 Rd6 38. Nxd4 Rxd4 39. Rc2 Rxc2 40.
Bxc2 1/2-1/2

[Event "First Saturday 2009 december FM-B"]
[Site "Budapest"]
[Date "2009.12.10"]
[Round "6"]
[White "Molnar, Marton M"]
[Black "Zilahi, Gabor"]
[Result "1-0"]
[WhiteElo "1947"]
[BlackElo "1923"]
[PlyCount "114"]
[EventDate "2009.12.05"]

1. c4 c6 2. Nc3 d5 3. cxd5 cxd5 4. d4 Nc6 5. g3 Nf6 6. Bg2 e6 7. Nh3 Bd6 8. O-O
O-O 9. Nf4 Bd7 10. Rb1 Rc8 11. e4 dxe4 12. Nxe4 Nxe4 13. Bxe4 e5 14. dxe5 Bxe5
15. Qh5 g6 16. Qe2 Bg7 17. Be3 Qe7 18. Qd3 Ne5 19. Nd5 Qe6 20. Qb3 Bc6 21. Bxa7
Rfe8 22. Bg2 Qg4 23. Rbc1 h5 24. Bc5 Kh8 25. h4 Rcd8 26. Rc3 Nd7 27. Ne3 Nxc5
28. Rxc5 Qd4 29. Rc2 Ba4 30. Qxf7 Bxc2 31. Nxc2 Qd3 32. Ne1 Qf5 33. Qxb7 Rb8
34. Qc6 Bxb2 35. Nf3 Qe6 36. Qc2 Qf5 37. Qd2 Bg7 38. a4 Rb2 39. Qd6 Qe6 40. Qc7
Qc8 41. Qf4 Rf8 42. Qd6 Rf6 43. Qd3 Qf5 44. Qe3 Re6 45. Qa7 Qf8 46. Ng5 Re7 47.
Qc5 Rbe2 48. a5 Re1 49. a6 Ra1 50. Qc6 Rxf1+ 51. Bxf1 Bd4 52. Nh3 Kg7 53. Nf4
Qf6 54. Qd5 Qb6 55. Bc4 Bxf2+ 56. Kg2 Qe3 57. Qg8+ Kf6 1-0

[Event "First Saturday 2009 december FM-B"]
[Site "Budapest"]
[Date "2009.12.10"]
[Round "6"]
[White "Trajber, Daniel"]
[Black "Borda, Lajos"]
[Result "1-0"]
[WhiteElo "2112"]
[BlackElo "2055"]
[PlyCount "87"]
[EventDate "2009.12.05"]

1. e4 c5 2. Nf3 a6 3. Nc3 b5 4. d4 e6 5. d5 d6 6. Bg5 f6 7. Be3 e5 8. Qd2 Nd7
9. Be2 Nb6 10. a4 Nc4 11. Bxc4 bxc4 12. Qe2 Rb8 13. Rb1 Rb4 14. Nd2 f5 15. Nxc4
Nf6 16. Bg5 fxe4 17. Nxe4 Bf5 18. f3 Be7 19. Bxf6 gxf6 20. a5 O-O 21. O-O Bg6
22. c3 Rb5 23. Rbd1 Qc7 24. Ned2 Rfb8 25. f4 Bf8 26. fxe5 fxe5 27. Qg4 Re8 28.
Ne4 Kh8 29. Nf6 Rd8 30. h4 Qg7 31. h5 Bc2 32. Rd2 Bb3 33. Ne3 Qxg4 34. Nfxg4
Be7 35. Rf7 Bg5 36. Rdf2 Rbb8 37. h6 Ba2 38. Ra7 Ra8 39. Rff7 Bb1 40. Rxa8 Rxa8
41. Rd7 Rd8 42. Ra7 Bd3 43. c4 Kg8 44. Rg7+ 1-0

[Event "First Saturday 2009 december FM-B"]
[Site "Budapest"]
[Date "2009.12.11"]
[Round "7"]
[White "Kantor, Gergely"]
[Black "Prorok, Marton"]
[Result "1/2-1/2"]
[WhiteElo "1836"]
[BlackElo "2173"]
[PlyCount "31"]
[EventDate "2009.12.05"]

1. d4 Nf6 2. c4 g6 3. Nc3 Bg7 4. e4 d6 5. h3 O-O 6. Be3 e5 7. d5 Bd7 8. Nf3 a6
9. Be2 b5 10. a3 bxc4 11. Bxc4 Bb5 12. Qe2 c6 13. dxc6 Bxc6 14. Bd3 Bb5 15. Bc4
Bc6 16. Bd3 1/2-1/2

[Event "First Saturday 2009 december FM-B"]
[Site "Budapest"]
[Date "2009.12.11"]
[Round "7"]
[White "Borda, Lajos"]
[Black "Della-Rossa, Anastasia"]
[Result "1/2-1/2"]
[WhiteElo "2055"]
[BlackElo "1948"]
[PlyCount "51"]
[EventDate "2009.12.05"]

1. d4 Nf6 2. c4 c5 3. Nf3 d6 4. Nc3 Bf5 5. dxc5 dxc5 6. Qxd8+ Kxd8 7. Ne5 Be6
8. g3 Nbd7 9. Nxd7 Nxd7 10. b3 g6 11. Bb2 Bg7 12. Bg2 Rb8 13. O-O-O Ke8 14. Rd2
f5 15. Nb5 Bxb2+ 16. Kxb2 a6 17. Nc7+ Kf7 18. e4 Ne5 19. Nxe6 Kxe6 20. exf5+
gxf5 21. Re1 Rhd8 22. Rxd8 Rxd8 23. f4 Rd2+ 24. Ka3 Rxg2 25. Rxe5+ Kd6 26. Rxf5
1/2-1/2

[Event "First Saturday 2009 december FM-B"]
[Site "Budapest"]
[Date "2009.12.11"]
[Round "7"]
[White "Zilahi, Gabor"]
[Black "Trajber, Daniel"]
[Result "1/2-1/2"]
[WhiteElo "1923"]
[BlackElo "2112"]
[PlyCount "80"]
[EventDate "2009.12.05"]

1. d4 d5 2. e3 Nf6 3. Bd3 e6 4. Nd2 c5 5. c3 Nc6 6. f4 Bd6 7. Nh3 b6 8. O-O Bb7
9. Qf3 Qc7 10. b3 O-O-O 11. Bb2 Ne7 12. Qe2 Ng6 13. Rfc1 Kb8 14. c4 Qe7 15. a4
a5 16. Ng5 cxd4 17. Bxd4 Bc5 18. Rf1 dxc4 19. Nxc4 Rxd4 20. exd4 Bxd4+ 21. Kh1
Bxa1 22. Rxa1 Nxf4 23. Qe5+ Qc7 24. Bf1 Rd8 25. Nxf7 Qxe5 26. Nfxe5 Ne4 27. Kg1
Nd2 28. Nxb6 Nxb3 29. Rb1 Nd2 30. Nbd7+ Rxd7 31. Nxd7+ Kc7 32. Rd1 Nxf1 33.
Rxf1 Ne2+ 34. Kf2 Kxd7 35. Rd1+ Ke7 36. Kxe2 Bc6 37. Ra1 g6 38. g3 Kd6 39. Kd2
e5 40. Kc3 Kc5 1/2-1/2

[Event "First Saturday 2009 december FM-B"]
[Site "Budapest"]
[Date "2009.12.11"]
[Round "7"]
[White "Yip, Michael"]
[Black "Molnar, Marton M"]
[Result "1/2-1/2"]
[WhiteElo "2004"]
[BlackElo "1947"]
[PlyCount "50"]
[EventDate "2009.12.05"]

1. c4 Nf6 2. Nc3 g6 3. g3 Bg7 4. Bg2 d6 5. e4 O-O 6. Nge2 c5 7. O-O Nc6 8. d3
Bd7 9. f3 Rb8 10. Rb1 a6 11. Be3 b5 12. b3 e6 13. Qd2 Qa5 14. h3 Rfe8 15. f4
Nh5 16. Rfc1 Nd4 17. g4 b4 18. gxh5 bxc3 19. Nxc3 gxh5 20. Kh1 Kh8 21. Qd1 Rg8
22. Qxh5 f5 23. Bd2 Bc6 24. Rf1 Qc7 25. Rbe1 Bf6 1/2-1/2

[Event "First Saturday 2009 december FM-B"]
[Site "Budapest"]
[Date "2009.12.12"]
[Round "8"]
[White "Trajber, Daniel"]
[Black "Yip, Michael"]
[Result "1/2-1/2"]
[WhiteElo "2112"]
[BlackElo "2004"]
[PlyCount "49"]
[EventDate "2009.12.05"]

1. e4 d6 2. d4 Nf6 3. Nc3 e5 4. Nf3 Nbd7 5. Bc4 Be7 6. O-O O-O 7. a4 a5 8. Qe2
c6 9. Rd1 Qc7 10. h3 h6 11. Ba2 exd4 12. Nxd4 Nc5 13. Bf4 Rd8 14. e5 dxe5 15.
Bxe5 Qb6 16. Nb3 Be6 17. Bd4 Bxb3 18. Qxe7 Rxd4 19. Rxd4 Bxa2 20. Rxa2 Re8 21.
Qd6 Nce4 22. Nxe4 Nxe4 23. Qd7 Nf6 24. Qd6 Ne4 25. Qd7 1/2-1/2

[Event "First Saturday 2009 december FM-B"]
[Site "Budapest"]
[Date "2009.12.12"]
[Round "8"]
[White "Della-Rossa, Anastasia"]
[Black "Zilahi, Gabor"]
[Result "0-1"]
[WhiteElo "1948"]
[BlackElo "1923"]
[PlyCount "44"]
[EventDate "2009.12.05"]

1. d4 d5 2. c4 c6 3. e3 Nf6 4. Nc3 a6 5. b3 e6 6. Nf3 Nbd7 7. Bb2 Bd6 8. Bd3
O-O 9. O-O e5 10. cxd5 cxd5 11. dxe5 Nxe5 12. Nxe5 Bxe5 13. f4 Bb8 14. Ne2 Re8
15. Rf3 Bg4 16. Rg3 Ba7 17. Bxf6 Qxf6 18. Rxg4 Rxe3 19. Bxh7+ Kxh7 20. Kf1 Rae8
21. Qc2+ g6 22. Re1 Rxe2 0-1